| 000 | 00430nam a2200205Ia 4500 | ||
|---|---|---|---|
| 001 | 12883 | ||
| 003 | GE_BSU | ||
| 008 | 181216s||||||||xx |||||||||||||| ||und|| | ||
| 020 | _a0099244527 | ||
| 040 | _cGE_BSU | ||
| 080 | _a821.111-312.4 | ||
| 100 | _aO'Connell,Carol. | ||
| 245 | _aJudas Child. | ||
| 260 | _aLondon. | ||
| 260 | _bArrow. | ||
| 260 | _c1999 | ||
| 300 | _a410p;18cm. | ||
| 653 | _aJudas Child. | ||
| 942 | _cBK | ||
| 999 |
_c46053 _d46053 |
||